| 000 | 01088nam0a22002771 4500 | ||
|---|---|---|---|
| 001 | v19\rc\1921868 | ||
| 005 | 20251118180648.9 | ||
| 035 | _a(NLR Aleph) 005008442 | ||
| 090 |
_a6461539 _c6461539 |
||
| 100 | _a20080404d1912 u y0rusy50 ca | ||
| 101 | 0 | _arus | |
| 102 | _aRU | ||
| 105 | _aab j ||||| | ||
| 200 | 1 |
_aЭлементарный учебник русской истории _eКурс эпизодический _eДля мл. кл. средне-учеб. заведений и гор. уч-щ _fА.Я. Ефименко, проф. С.-Петерб. высш. жен. курсов |
|
| 205 | _a2-е изд., испр. | ||
| 210 |
_aСанкт-Петербург _cЯ. Башмаков и К° _d1912 |
||
| 215 |
_aVIII, 198 с., 6 л. карт., табл. _cил. _d22 |
||
| 700 | 1 |
_aЕфименко _bА.Я. _f1848-1918 _gАлександра Яковлевна |
|
| 801 | 0 |
_aRU _bNLR _gpsbo |
|
| 801 | 0 |
_aRU _bRuMoRGB _2psbo |
|
| 801 | 1 |
_aRU _bProSoft-M _2rusmarc |
|
| 852 |
_aNLR _jИр10/Б-5/14 |
||
| 899 | _aБАН | ||
| 899 |
_aRuMoRGB _jR 307/137 |
||
| 942 | _cBOOK | ||
| 980 | _aNB | ||